[Event "2.Bl-West"]
[Site "Schwaz"]
[Date "2004.03.14"]
[Round "11"]
[Board "4"]
[White "Hoellrigl, Wilfried"]
[Black "Kratochwil, Christian"]
[Result "1-0"]
[WhiteElo "2200"]
[BlackElo "2277"]
[PlyCount "97"]

1.e4 c5 2.c3 d5 3.exd5 Qxd5 4.d4 e6 5.Nf3 Nf6 6.Be3 Nc6 7.Bd3 Be7 8.O-O O-O 9.a3
Rd8 10.Qe2 Qh5 11.Nbd2 b6 12.dxc5 Bxc5 13.Bxc5 Qxc5 14.Ne4 Nxe4 15.Qxe4 g6
16.Rfd1 Bb7 17.Qh4 Kg7 18.Ng5 Rh8 19.Ba6 Qe7 20.Nxe6+ fxe6 21.Qxe7+ Nxe7 22.Bxb7
Rad8 23.Kf1 Kf6 24.Ke2 Rhf8 25.Rxd8 Rxd8 26.Rd1 Rxd1 27.Kxd1 Ke5 28.Kd2 Nf5
29.Kd3 Nd6 30.Bf3 g5 31.c4 a5 32.b4 axb4 33.axb4 h6 34.c5 bxc5 35.bxc5 Ne8
36.Kc4 Nc7 37.g3 Kf5 38.c6 e5 39.Kc5 e4 40.Bg2 Ke5 41.Kb6 Nd5+ 42.Kb7 h5 43.c7
Nxc7 44.Kxc7 Kd4 45.Kd6 e3 46.fxe3+ Kxe3 47.Ke5 Kf2 48.Bc6 h4 49.g4

[Event "2.Bl-West"]
[Site "Schwaz"]
[Date "2004.03.14"]
[Round "11"]
[Board "5"]
[White "Duer, Werner"]
[Black "Lederwasch, Bernhard"]
[Result "1/2-1/2"]
[WhiteElo "2271"]
[BlackElo "2193"]
[PlyCount "44"]

1.Nf3 Nf6 2.d4 g6 3.c4 Bg7 4.Nc3 d6 5.e4 O-O 6.Be2 Nbd7 7.O-O e5 8.Re1 c6 9.d5
cxd5 10.cxd5 Nc5 11.Nd2 a5 12.b3 b6 13.Rb1 Ba6 14.Bxa6 Rxa6 15.Nc4 Qd7 16.a4 Rb8
17.f3 Ne8 18.Nb5 Bf8 19.f4 f6 20.fxe5 fxe5 21.Qf3 Nc7 22.Nca3 Nxb5

[Event "2.Bl-West"]
[Site "Schwaz"]
[Date "2004.03.14"]
[Round "11"]
[Board "6"]
[White "Sprenger, Wendelin"]
[Black "Lawitsch, Guenther"]
[Result "1/2-1/2"]
[WhiteElo "2153"]
[BlackElo "2270"]
[PlyCount "86"]

1.g3 d5 2.Bg2 Nf6 3.Nf3 c6 4.c4 Bg4 5.cxd5 Nxd5 6.Nc3 Nb6 7.h3 Bh5 8.O-O N8d7
9.d4 e6 10.e4 Bxf3 11.Qxf3 Nf6 12.Be3 Be7 13.d5 cxd5 14.Bxb6 axb6 15.exd5 exd5
16.Rfd1 Ra5 17.a3 O-O 18.b4 Ra7 19.Nxd5 Nxd5 20.Rxd5 Qa8 21.Qb3 Ra4 22.Rb5 Ra6
23.Bd5 Bd8 24.Bc4 Ra7 25.Rd5 Bf6 26.Ra2 Qe8 27.Re2 Qa8 28.Rd3 Qc8 29.Kh2 Ra8
30.Bd5 Rb8 31.Red2 Qc7 32.Qd1 b5 33.Qf3 b6 34.Qd1 Rbc8 35.Qb3 h5 36.Qd1 h4
37.Qg4 hxg3+ 38.Rxg3 Qc1 39.Qg6 Be5 40.Rdd3 Bxg3+ 41.Rxg3 Qb2 42.Qxb6 Rc2
43.Bxf7+ Rxf7